[Event "AUTO-OPEN-254"]
[Site "http://www.queenalice.com/game.php?id=64380"]
[Date "2006.4.20"]
[Round "1"]
[White "scorpion"]
[Black "Lightningzap007"]
[Result "0-1"]
[WhiteElo "1129"]
[BlackElo "1922"]

1. Na3 d5 2. Rb1 e5 3. f3 Nf6 4. c3 Bf5 5. Qa4+ Qd7 6. Nb5 c6 7. Nc7+ Qxc7 8.
Nh3 Bxb1 9. Qxc6+ Nxc6 10. Ng5 h6 11. b3 hxg5 12. h4 Bc5 13. hxg5 Rxh1 14. b4
Bb6 15. Ba3 Nh5 16. g4 Ng3 17. b5 Rxf1# 0-1

[Event "AUTO-OPEN-254"]
[Site "http://www.queenalice.com/game.php?id=64381"]
[Date "2006.4.20"]
[Round "1"]
[White "Lightningzap007"]
[Black "scorpion"]
[Result "1-0"]
[WhiteElo "1879"]
[BlackElo "1129"]

1. d4 Nh6 2. e4 Na6 3. Nf3 Nb4 4. Nc3 e6 5. a3 Nxc2+ 6. Qxc2 Ng4 7. Bd3 Rb8 8.
O-O Qf6 9. e5 Qf4 10. Bxf4 Nxf2 11. Qxf2 g5 12. Nxg5 Rg8 13. Nxf7 Kxf7 14. Bg5+
Ke8 15. Qf7# 1-0

[Event "AUTO-OPEN-254"]
[Site "http://www.queenalice.com/game.php?id=64382"]
[Date "2006.4.20"]
[Round "1"]
[White "scorpion"]
[Black "zebaixinho"]
[Result "0-1"]
[WhiteElo "1111"]
[BlackElo "1148"]

1. Nc3 e5 2. Nb5 c6 3. Nc7+ Qxc7 4. d3 Qa5+ 5. Qd2 Qd5 6. Rb1 Nf6 7. b3 Na6 8.
Qa5 Qxa5+ 9. Kd1 Qxa2 10. Rb2 Qa5 11. b4 Qd5 12. Bg5 Nh5 13. h4 f6 14. Nh3 fxg5
15. Nxg5 h6 16. Rh3 hxg5 17. c4 Qd4 18. hxg5 Qxb2 19. e3 Qxf2 20. Kc1 Qxf1+ 21.
Kb2 Qxg2+ 22. Kb3 Qxh3 23. Kc3 Bxb4+ 24. Kc2 Qg2+ 25. Kb3 Bc5 26. d4 exd4 27.
exd4 Bb4 28. c5 Rf8 29. d5 Qxd5+ 30. Kb2 Rf2+ 31. Kb1 Qd1# 0-1

[Event "AUTO-OPEN-254"]
[Site "http://www.queenalice.com/game.php?id=64383"]
[Date "2006.4.20"]
[Round "1"]
[White "zebaixinho"]
[Black "scorpion"]
[Result "1-0"]
[WhiteElo "1126"]
[BlackElo "1122"]

1. b4 Nh6 2. Nf3 Rg8 3. Nc3 e6 4. d4 Na6 5. Ba3 Qe7 6. Nb5 Nxb4 7. c3 Nc2+ 8.
Qxc2 Qxa3 9. Nxa3 Bxa3 10. Qxh7 Rf8 11. Qxg7 d5 12. Qxh6 a5 13. e3 Ra6 14. Bb5+
Kd8 15. Qxf8+ 1-0

[Event "AUTO-OPEN-254"]
[Site "http://www.queenalice.com/game.php?id=64384"]
[Date "2006.4.20"]
[Round "1"]
[White "scorpion"]
[Black "aquinas"]
[Result "0-1"]
[WhiteElo "1129"]
[BlackElo "1708"]

1. Nh3 e5 2. Na3 Bc5 3. Rb1 Qf6 4. d3 d5 5. Qd2 Bxh3 6. Qa5 Qxf2+ 7. Kd2 b6 8.
Qb5+ c6 9. Qxc6+ Nxc6 10. Nb5 Be3+ 11. Kd1 Nd4 12. Nc7+ Kd7 13. b4 Bxg2 14. Bxg2
Qxe2# 0-1

[Event "AUTO-OPEN-254"]
[Site "http://www.queenalice.com/game.php?id=64385"]
[Date "2006.4.20"]
[Round "1"]
[White "aquinas"]
[Black "scorpion"]
[Result "1-0"]
[WhiteElo "1657"]
[BlackElo "1129"]

1. e4 Nh6 2. d4 e6 3. Nf3 Qe7 4. c4 Ng4 5. Ng5 Qb4+ 6. Nc3 Qxc3+ 7. bxc3 Na6 8.
Qxg4 Be7 9. Qf3 Nb4 10. Qxf7+ Kd8 11. cxb4 Bxg5 12. Bxg5# 1-0

[Event "AUTO-BEG-13"]
[Site "http://www.queenalice.com/game.php?id=68637"]
[Date "2006.5.12"]
[Round "1"]
[White "ekup"]
[Black "scorpion"]
[Result "1-0"]
[WhiteElo "1891"]
[BlackElo "1094"]

1. e4 Na6 2. d4 d5 3. e5 Qd7 4. h3 Nb4 5. a3 Rb8 6. axb4 b6 7. Nc3 Nh6 8. Qf3 e6
9. Bxh6 gxh6 10. Rxa7 Rg8 11. Bb5 Qxb5 12. Nxb5 Bxb4+ 13. c3 Rg7 14. cxb4 h5 15.
Rxc7 Rg5 16. Qxf7+ Kd8 17. Qe7# 1-0

[Event "AUTO-BEG-13"]
[Site "http://www.queenalice.com/game.php?id=68638"]
[Date "2006.5.12"]
[Round "1"]
[White "scorpion"]
[Black "ekup"]
[Result "0-1"]
[WhiteElo "1111"]
[BlackElo "1876"]

1. Na3 d5 2. Rb1 c5 3. d4 e6 4. Qd2 Nc6 5. b4 cxb4 6. Nb5 a6 7. Nc7+ Qxc7 8. Nh3
h6 9. Qe3 Nf6 10. Bb2 Qa5 11. Bc3 bxc3 12. Rg1 Qxa2 13. g3 Qxb1+ 0-1

[Event "AUTO-BEG-13"]
[Site "http://www.queenalice.com/game.php?id=68653"]
[Date "2006.5.12"]
[Round "1"]
[White "scorpion"]
[Black "mogerio"]
[Result "1-0"]
[WhiteElo "1090"]
[BlackElo "795"]

1. Na3 e5 2. Rb1 d6 3. d3 c5 4. Qd2 Qb6 5. b4 Qxb4 6. Rxb4 Bg4 7. Rxg4 Na6 8.
Re4 d5 9. Rxe5+ Be7 10. Rxd5 Rd8 11. Qa5 Rxd5 12. Nf3 Nb4 13. Bb2 Nxc2+ 14. Nxc2
Nf6 15. Qc7 O-O 16. Qxe7 Rd4 17. Bxd4 Nd5 18. g4 Ne3 19. Qxf8+ Kxf8 20. Bxc5+
Ke8 21. fxe3 b6 22. Bd4 b5 23. Bxg7 b4 24. Nxb4 a5 25. Nc6 Kd7 26. Nxa5 f6 27.
Bxf6 Ke6 28. Be5 Kd7 29. Rg1 h5 30. gxh5 Ke7 31. Nc6+ Kd7 32. Ncd4 Ke7 33. Bd6+
Kxd6 34. Rg6+ Kc5 35. h6 Kd5 36. h7 Kc5 37. h8=Q Kb4 38. Qa8 Kc3 39. Rc6+ Kb2
40. Nb5 Kb1 41. Qa3 Ka1 42. Rc1# 1-0

[Event "AUTO-BEG-13"]
[Site "http://www.queenalice.com/game.php?id=68654"]
[Date "2006.5.12"]
[Round "1"]
[White "mogerio"]
[Black "scorpion"]
[Result "0-1"]
[WhiteElo "800"]
[BlackElo "1085"]

1. d4 Na6 2. g4 e6 3. e3 Qe7 4. d5 Qb4+ 5. c3 Qe4 6. Nd2 Qxe3+ 7. fxe3 Rb8 8.
Ngf3 b5 9. Ne4 Nh6 10. Nd6+ cxd6 11. g5 Nf5 12. Bh3 exd5 13. Qe2 Nc5 14. Bxf5 g6
15. Bg4 Nd3+ 16. Qxd3 Bg7 17. e4 Rb6 18. exd5 Be5 19. Qe3 O-O 20. Nxe5 dxe5 21.
Qh3 Re6 22. dxe6 fxe6 23. Qxh7+ Kxh7 24. Rf1 Rg8 25. Rf3 Bb7 26. Rh3+ Kg7 27. c4
Rf8 28. b4 Bg2 29. Rg3 bxc4 30. Rb1 Rf1+ 31. Ke2 Rf8 32. Bb2 Be4 33. Bxe5+ Kg8
34. Rh3 Bxb1 35. Bd6 Bxa2 36. Bxf8 Kxf8 37. Rh8+ Ke7 38. Rh7+ Kf8 39. Rxd7 c3
40. Kd1 e5 0-1

[Event "AUTO-BEG-13"]
[Site "http://www.queenalice.com/game.php?id=68655"]
[Date "2006.5.12"]
[Round "1"]
[White "scorpion"]
[Black "MarceloLopes"]
[Result "0-1"]
[WhiteElo "1087"]
[BlackElo "1626"]

1. Na3 e5 2. Rb1 Qf6 3. e4 Bc5 4. Qe2 Nh6 5. b4 Bb6 6. Nh3 d6 7. Rb3 Bg4 8. Qd3
Bh5 9. Rg1 Ng4 10. Be2 Bxf2+ 11. Kd1 Bxg1 12. Qb5+ Nd7 13. Rg3 Bxh2 14. Qxd7+
Kxd7 15. Rc3 g6 16. Rf3 Qe6 17. Bb5+ c6 18. Bd3 Nf6 19. g4 Bxg4 20. Be2 Bxf3 21.
Bxf3 Qxh3 22. Nc4 Qf1# 0-1

[Event "tekken"]
[Site "http://www.queenalice.com/game.php?id=84955"]
[Date "2006.7.11"]
[Round "-"]
[White "scorpion"]
[Black "ENDHER"]
[Result "0-1"]
[WhiteElo "1094"]
[BlackElo "2271"]

1. Na3 e5 2. e4 Bxa3 3. bxa3 Nf6 4. c3 d5 5. Qa4+ Bd7 6. Qxd7+ Qxd7 7. Rb1 b6 8.
Bb5 c6 9. Rb4 cxb5 10. Nf3 Nc6 11. exd5 Nxb4 12. Nxe5 Nd3+ 13. Kf1 Nxe5 14. a4
Qxd5 15. axb5 Qxb5+ 16. c4 Qxc4+ 17. d3 Qxd3+ 18. Ke1 Rd8 19. f4 Nfg4 20. h3
Qd1# 0-1

[Event "Challenge"]
[Site "http://www.queenalice.com/game.php?id=85653"]
[Date "2006.7.13"]
[Round "-"]
[White "scorpion"]
[Black "Pegasus"]
[Result "0-1"]
[WhiteElo "1116"]
[BlackElo "1593"]

1. Na3 e5 2. Nf3 e4 3. Nd4 Nf6 4. e3 Bxa3 5. bxa3 Nc6 6. g3 Nxd4 7. Rb1 Nc6 8.
Rb5 d5 9. d3 a6 10. Rb3 O-O 11. Bb2 Bg4 12. Qd2 Bf3 13. Rg1 Ng4 14. Qc3 Nge5 15.
dxe4 dxe4 16. Bc1 b5 17. Bd2 Qd6 18. g4 Bxg4 19. Rg3 f5 20. h3 Bf3 21. Rg5 Rf6
22. Bxb5 axb5 23. Rxb5 Re8 24. Ra5 Nxa5 25. Qxa5 c5 0-1

[Event "AUTO-OPEN-329"]
[Site "http://www.queenalice.com/game.php?id=86981"]
[Date "2006.7.17"]
[Round "1"]
[White "marcosnatal"]
[Black "scorpion"]
[Result "1-0"]
[WhiteElo "1540"]
[BlackElo "1094"]

1. d4 Nc6 2. Nf3 Nf6 3. Bg5 e6 4. e3 h6 5. Bh4 Qe7 6. a3 b6 7. c4 g5 8. Bg3 h5
9. h3 Qd6 10. Bxd6 cxd6 11. Nxg5 Bh6 12. Nf3 Rg8 13. Nc3 Bb7 14. Ne2 Rg6 15. Ng3
e5 16. d5 Nxd5 17. cxd5 Na5 18. e4 Rf6 19. Be2 Rf4 20. O-O Rf6 21. Nxh5 Rg6 22.
Nh4 Rc8 23. Nxg6 Nc4 24. Bxc4 Rxc4 25. Nh4 Rxe4 26. Nf6+ Ke7 27. Nxe4 Bf4 28.
Qg4 Bd2 29. Nf5+ Kd8 30. Qg8+ Kc7 31. Nfxd6 Ba6 32. Rac1+ Bc3 33. Rxc3+ 1-0

[Event "AUTO-OPEN-329"]
[Site "http://www.queenalice.com/game.php?id=86982"]
[Date "2006.7.17"]
[Round "1"]
[White "scorpion"]
[Black "marcosnatal"]
[Result "0-1"]
[WhiteElo "1092"]
[BlackElo "1542"]

1. Nc3 Nf6 2. Nf3 e6 3. d3 d5 4. Qd2 Bb4 5. a3 Ba5 6. g3 c6 7. Qe3 O-O 8. Qg5
Nbd7 9. Qxg7+ Kxg7 10. Bd2 Bxc3 11. Bxc3 Rg8 12. Rg1 Kf8 13. Bh3 b6 14. a4 c5
15. Ra3 Bb7 16. Be5 d4 17. Bd6+ Ke8 18. c3 Bxf3 19. exf3 Qc8 20. cxd4 Qc6 21.
Be5 Qxf3 22. Bf1 Ng4 23. Be2 Qxf2+ 24. Kd2 Qxg1 25. a5 Ngxe5 26. dxe5 Nxe5 27.
Rc3 Qxh2 28. Rb3 Rxg3 29. axb6 axb6 30. Rxb6 Nxd3 31. Kc3 Nc1+ 32. Kc2 Nxe2 33.
Rd6 Nf4+ 34. Kb1 Rg1+ 35. Rd1 Rxd1# 0-1

[Event "AUTO-OPEN-329"]
[Site "http://www.queenalice.com/game.php?id=87009"]
[Date "2006.7.17"]
[Round "1"]
[White "allexxxanddre"]
[Black "scorpion"]
[Result "0-1"]
[WhiteElo "1411"]
[BlackElo "1114"]

1. e4 Nf6 2. e5 Ng8 3. d4 Nc6 4. Nf3 b6 5. c4 g6 6. d5 Bb7 7. dxc6 e6 8. cxb7
Qe7 9. bxa8=Q+ Qd8 10. Qe4 d5 11. cxd5 Qd7 12. Bc4 exd5 13. Bxd5 Qb5 0-1

[Event "AUTO-OPEN-329"]
[Site "http://www.queenalice.com/game.php?id=87010"]
[Date "2006.7.17"]
[Round "1"]
[White "scorpion"]
[Black "allexxxanddre"]
[Result "1-0"]
[WhiteElo "1088"]
[BlackElo "1543"]

1. Nc3 e5 2. Nf3 Nc6 3. e3 Bc5 4. Qe2 Nf6 5. g3 d5 6. b3 Be6 7. Qd3 e4 8. Nxe4
Nxe4 9. Rb1 O-O 10. Bb2 Bf5 11. g4 Bxg4 12. Rg1 Bxf3 13. Bxg7 1-0

[Event "AUTO-OPEN-329"]
[Site "http://www.queenalice.com/game.php?id=87027"]
[Date "2006.7.17"]
[Round "1"]
[White "jagvg"]
[Black "scorpion"]
[Result "1-0"]
[WhiteElo "1817"]
[BlackElo "1118"]

1. e4 Nc6 2. Nf3 Nf6 3. e5 e6 4. exf6 Qxf6 5. d4 b6 6. Bg5 Qf5 7. Bd3 Qg4 8. O-O
Qh5 9. c3 f6 10. Bf4 g5 11. Bxc7 Na5 12. Nbd2 Rg8 13. Ne4 g4 14. Nxf6+ Ke7 15.
Nxh5 gxf3 16. Qxf3 Rb8 17. Bxb8 Nc6 18. Bxh7 Kd8 19. Bxg8 Be7 20. Bf4 Ba6 21.
Rfe1 Bh4 22. Bxe6 dxe6 23. Qxc6 1-0

[Event "AUTO-OPEN-329"]
[Site "http://www.queenalice.com/game.php?id=87028"]
[Date "2006.7.17"]
[Round "1"]
[White "scorpion"]
[Black "jagvg"]
[Result "0-1"]
[WhiteElo "1090"]
[BlackElo "1850"]

1. Nf3 d5 2. Nc3 Nf6 3. e3 Bg4 4. Qe2 Nc6 5. g3 e5 6. b3 e4 7. h3 Bxf3 8. Qb5
Bxh1 9. Qa4 Bf3 10. Bb5 Qd7 11. Rb1 Be7 12. Ba3 Bxa3 13. Qxa3 a5 14. d3 Qxh3 15.
dxe4 Nxe4 16. Rb2 Qh1+ 17. Bf1 Bg2 18. Qa4 Qxf1# 0-1

[Event "Challenge"]
[Site "http://www.queenalice.com/game.php?id=89167"]
[Date "2006.7.24"]
[Round "-"]
[White "Majin_Sayajin"]
[Black "scorpion"]
[Result "1-0"]
[WhiteElo "1315"]
[BlackElo "1087"]

1. e4 Nf6 2. e5 Ng8 3. Bc4 Nc6 4. Qh5 g6 5. Qg4 b6 6. Qf4 e6 7. Nf3 Qe7 8. Ng5
Nh6 9. b3 Bg7 10. Ba3 Qd8 11. Nxe6 dxe6 12. O-O Bxe5 13. Qf3 Bxa1 14. Nc3 Qd7
15. Qd3 Qe7 16. Bxe7 Kxe7 17. Rxa1 g5 18. Re1 Rg8 19. Re4 f5 20. Re3 Ng4 21. Rf3
Rg6 22. Qe2 Rf6 23. h3 b5 24. Bxb5 a6 25. Bxc6 Ra7 26. Na4 Bb7 27. Rc3 Bxc6 28.
Rxc6 Rb7 29. Nc5 Rb5 30. Rxc7+ Kf8 31. hxg4 Ra5 32. Nxe6+ Rxe6 33. Qxe6 Rxa2 34.
gxf5 Ra1+ 35. Kh2 h5 36. Rc8+ Kg7 37. Rg8+ Kh7 38. Qg6# 1-0

[Event "Challenge"]
[Site "http://www.queenalice.com/game.php?id=90101"]
[Date "2006.7.27"]
[Round "-"]
[White "scorpion"]
[Black "Majin_Sayajin"]
[Result "0-1"]
[WhiteElo "1085"]
[BlackElo "1325"]

1. Nc3 e5 2. Nf3 d6 3. e3 Nf6 4. g3 c6 5. b3 Nd5 6. Nxd5 cxd5 7. Qe2 Be7 8. Qb5+
Bd7 9. Qxd5 Qc8 10. Nxe5 Be6 11. Qb5+ Nc6 12. Ba3 a6 13. Bh3 Bxh3 14. Qb6 dxe5
15. b4 a5 16. Rb1 axb4 17. c3 bxa3 18. Rb5 O-O 19. Ke2 Qf5 20. Qxb7 Rac8 21. Rd5
Na5 22. Rb1 Nc4 23. Rc5 Rxc5 24. Rb6 e4 25. Ra6 Rd5 26. Ra8 Qf6 27. d3 Rxd3 28.
Qb8 Rxb8 29. Rxb8+ Bf8 30. f4 Qxc3 31. Kf2 Rxe3 32. f5 Qe1# 0-1